000 00655nam a2200277Ia 4500
005 20260324125301.0
008 008 260324s9999 xx 000 0 eng d
020 _a9780429147784
037 _aEBOOK
040 _aCRL
040 _beng
040 _cCRL
041 _2eng
041 _aeng
084 _qCRL
100 _aAnthony J. Spurgin
_91177400
245 0 _aHuman Reliability Assessment Theory and Practice
260 _bTaylor and Francis
260 _c2009
365 _a
365 _b435
856 _uhttp://www.taylorfrancis.com/books/9780429147784
942 _cEBOOK
999 _c1772509
_d1772509